000 005780000a22002050004500
003 LK-CoMWRAF
005 20231030014342.0
008 230817t1989 ||||| |||| 00| 0 eng d
020 _a0803936605
040 _aLK-CoMWRAF
_dLK-CoMWRAF
_eLK-CoMWRAF
041 _aeng
082 _a302.23
_bDEN
100 _aDennis, Everette E.
245 _aReshaping the Media:
_bmass communication in an information age
260 _aCalifornia:
_bSage Publication,
_c1989
300 _a205 p. : ill. ; 22 cm.
650 _aMASS MEDIA
650 _aMass media-United States
942 _cBK
999 _c2121
_d2121